=LDR 00000nam 2200000 4500 =001 INLIS000000000014424 =005 20130612105713 =008 ***********************************Ind** =035 ##$$0010-061300000014424 =041 ##$$a Ind =082 ##$$a 297.31 =090 ##$$a 297.31, Nas m =100 ##$$a Nasution, Muslim =245 ##$$a Menuju Islam kaffah, Meneladani kisah kehidupan orang saleh, Muslim Nasution =260 ##$$a 2001 $b Jakarta =300 ##$$a ix, 205 hlm, 17 cm =650 ##$$a Iman =850 ##$$a NBPNMAT